| 000 | 01121nam a2200373 i 4500 | ||
|---|---|---|---|
| 001 | 33785 | ||
| 003 | KOSZ 005 | ||
| 005 | 20220624073427.0 | ||
| 008 | 981109s1998 pl |000 0 pol | ||
| 015 | _aPB 1998/14895 | ||
| 020 | _a8390395746 | ||
| 040 |
_aWA N _cWA N _dKOSZ 005/HR |
||
| 041 | 0 | _apol | |
| 046 | _k1998 | ||
| 080 | _a327.39 | ||
| 080 | _a339.923 | ||
| 080 | _a061.1(4-67) | ||
| 080 | _a327(438)"1989/..." | ||
| 100 | 1 |
_aGaziński, Benon _d(1953- ) _eAutor |
|
| 245 | 1 | 0 |
_aUnia Europejska wczoraj-dziś-jutro / _cBenon Gaziński. |
| 260 |
_aOlsztyn : _bFundacja im. M. Oczapowskiego, _c1998. |
||
| 300 |
_a140, [3] s. ; _c21 cm. |
||
| 380 | _aKsiążki | ||
| 388 | _a1901-2000 | ||
| 388 | _a1989-2000 | ||
| 504 | _aBibliogr. s. 139. | ||
| 610 | 2 | 4 | _aUnia Europejska |
| 651 | 4 | _aPolska | |
| 655 | 4 | _aWydawnictwa popularne | |
| 658 | _aGospodarka, ekonomia, finanse | ||
| 658 | _aPolityka, politologia, administracja publiczna | ||
| 856 |
_uhttp://koha.tu.koszalin.pl/cgi-bin/koha/opac-detail.pl?biblionumber=33785 _yKatalog online BPK |
||
| 942 |
_2UKD _cKS |
||
| 999 |
_c33785 _d33785 |
||